Estatísticas para Morangos com Açúcar T2

Clique aqui para jogar o quiz

Estatísticas Gerais

  • Esse quiz foi jogado 16 vezes
  • A pontuação média é 9 de 15

Estatísticas das Respostas

HintResposta% Correto
Qual o clube da família Rochinha?Benfica
100%
Qual o desporto que praticam?Motocross
100%
Quantos irmãos tem a protagonista?3
88%
Quem são os protagonistas?Ana Luísa e Simão
88%
Quem é a ex-namorada do protagonista?Carlota
88%
Que banda surgiu nesta temporada?D'zrt
88%
Qual o nome do novo bar da praia?Bar do Fred
63%
Qual a doença da Carlota?Diabetes
63%
Para que país vão viver a Cathy e o Miguel?Espanha
50%
Em que país decore o último episódio da série de verão?Marrocos
50%
Quais são os grupos rivais?Betinhos e dreds
38%
Qual o nome da concorrência do bar da praia?Tutti-frutti
38%
Como se chama o homem que faz o sequestro no episódio final da série de aulas?Aníbal
13%
Como se chama o gang que no verão trafica telemóveis?Gang das malhas
13%
Para que país vai a Sofia?Londres
13%

Distribuição das Pontuações

Percentil de Números Respondidos

Porcentagem de Pessoas com Cada Pontuação

Sua Pontuação Histórica

Você não jogou esse quiz